000 00849nam a2200241 a 4500
001 000044335
003 000044335
005 20180226101920.0
008 140617s199? dr a 000 0 spa d
040 _aBPMET
_bspa
_cBPMET
092 _axxxxxx
_bxxxxxx
100 1 _aRosa, Alma de la
245 1 0 _aCurso de física básica conceptos y aplicaciones /
_cAlma de la Rosa, Clara Elena Florezán, Ondina Moya.
260 _aSanto Domingo :
_bUASD,
_c199?
300 _a210 p. :
_bil. ;
_c27 cm.
500 _aPara uso de los estudiantes de física básica, del ciclo básico de la Universidad Autónoma de Santo Domingo
700 1 _aFlorezán, Clara Elena
700 1 _aMoya, Ondina
710 _4Universidad Autónoma de Santo Domingo
942 _2ddc
_cBK
945 _aInventariado, 2018 / BT
956 _aVMATEO
_b10
_c20150914
_lBPMSU
_h0069
999 _c7134
_d7134